LEADER 00827nam0-22002891i-450- 001 990004756070403321 005 20051205102635.0 035 $a000475607 035 $aFED01000475607 035 $a(Aleph)000475607FED01 035 $a000475607 100 $a19990604g19069999km-y0itay50------ba 101 0 $agrc 105 $ay-------001yy 200 1 $aPax$fAristophanis$gCum prolegomenis et commentariis edidit J. van Leeuwen 210 $aLugduni Batavorum$cA.W. Sijthoff$d1906. 215 $aXI, 201 p.$d25 cm 500 10$aPax$917942 700 0$aAristophanes$f$0160835 702 1$aLeeuwen,$bJan : van 801 0$aIT$bUNINA$gRICA$2UNIMARC 901 $aBK 912 $a990004756070403321 952 $aII A 28$bBibl. 25138$fFLFBC 959 $aFLFBC 996 $aPax$917942 997 $aUNINA LEADER 01760nam 2200397 450 001 9910466606303321 010 $a1-63550-062-1 035 $a(CKB)4100000006669765 035 $a(MiAaPQ)EBC5509496 035 $a(EXLCZ)994100000006669765 100 $a20181012d2020 uy 0 101 0 $aeng 135 $aurcnu|||||||| 181 $ctxt$2rdacontent 182 $cc$2rdamedia 183 $acr$2rdacarrier 200 10$aPreclinical speech science $eanatomy, physiology, acoustics, and perception /$fThomas J. Hixon [and two others] 205 $aThird edition. 210 1$aSan Diego, CA :$cPlural Publishing Inc.,$d[2020] 210 4$dİ2020 215 $a1 online resource (759 pages) 311 $a1-63550-061-3 320 $aIncludes bibliographical references and index. 327 $aBreathing and speech production -- Laryngeal function and speech production -- Velopharyngeal-nasal function and speech production -- Pharyngeal-oral function and speech production -- Speech physiology measurement and analysis -- Acoustics -- Acoustic theory of vowel production -- Theory of consonant acoustics -- Speech acoustic measurement and analysis -- Acoustic phonetics data -- Speech perception -- Anatomy and physiology of the auditory system -- Auditory psychophysics -- Neural structures and mechanisms for speech, language, and hearing -- Swallowing. 608 $aElectronic books. 676 $a612.7/8 700 $aHixon$b Thomas J.$f1940-2009,$0970304 702 $aWeismer$b Gary 702 $aHoit$b Jeannette D$g(Jeannette Dee),$f1954- 801 0$bMiAaPQ 801 1$bMiAaPQ 801 2$bMiAaPQ 906 $aBOOK 912 $a9910466606303321 996 $aPreclinical speech science$92205468 997 $aUNINA